000 00865nam a2200253 a 4500
001 BRCA_1934
005 20190320203616.0
008 800408s1981----sp-a---##b---#000-0#spa-d
020 _a8470176218 (Obra completa)
040 _aDLC
_cDLC
_dDLC
050 4 _aN33
_b.C34 1981
100 1 _aCabanne, Pierre
_95956
245 1 0 _aDiccionario universal del arte
_cPierre Cabanne ; traducción Arnau Puig ... [et al.].
260 _aEspaña
_bArgos-Vergara
_c1981
300 _a5 v.
_bil. a color
_c27 cm.
500 _aIncluye índice alfabético (v.5)
500 _aTraducción de : Dictionnaire International des Arts
504 _aBibliografía : [1755]-1761 (v.5)
505 0 _aContenido : v.1. A-CH. -- v.2. D-H. -- v.3. I-M. -- v.4. N-R. -- v.5. S-Z
650 1 4 _aArte
_vDiccionarios
_95957
700 1 _aPuig, Arnau
_95958
902 _aREF
942 _2lcc
_cB
999 _c1706
_d1706